| 000 | 00829nas a2200265 4500 | ||
|---|---|---|---|
| 001 | BR8000902 | ||
| 003 | BR-BrBNA | ||
| 005 | 20231205084141.0 | ||
| 007 | ta | ||
| 008 | 230509b bl.|||p| |||| 00| 00por d | ||
| 040 |
_aBR-BrBNA _bpor _cBiblioteca Nacional de Agricultura |
||
| 041 | _a(Pt) | ||
| 072 | _aH10 | ||
| 100 | 1 | _aBotelho, W. | |
| 100 | 1 | _aCiociola, A.I. | |
| 245 | 1 | _aPragas da cebola e seu controle [Allium cepa] | |
| 246 | 1 | _a[Onion pests and their control [Allium cepa]] | |
| 650 | _aPraga de planta | ||
| 650 | _aCebola | ||
| 650 | _aControle quimico | ||
| 650 | _aDefensivo | ||
| 773 | 0 |
_tInforme Agropecuario - Empresa de Pesquisa Agropecuaria de Minas Gerais (Brazil) _xISSN 0100-3364 _g(Feb 1980), v. 6(62) p. 44-46 _wBR8000902 |
|
| 909 |
_a202311 _bLúcia _c55 _dLúcia Elande |
||
| 942 |
_2AGRIS _n0 _cANA |
||
| 999 |
_c103434 _d103434 |
||